| 000 | 00683nam a2200121Ia 4500 | ||
|---|---|---|---|
| 008 | 220615s9999||||xx |||||||||||||| ||und|| | ||
| 245 | 0 | _aVulnerability in Scandinavian Art and Culture | |
| 546 | _aEnglish[eng] | ||
| 650 | _aEuropean Cinema and TV||Arts||Scandinavian||Comparative Literature||Open Access||Productive Vulnerability||Contemporary Art||Welfare State||Gendered Bodies||Privilege||Aesthetics||Performing arts||The arts: general issues||Language: reference & general||Scandinavian languages | ||
| 700 | _aDancus, Adriana Margareta||Hyvönen, Mats||Karlsson, Maria | ||
| 856 | _uhttps://library.oapen.org/bitstream/20.500.12657/37368/1/978-3-030-37382-5.pdf | ||
| 942 | _cEB | ||
| 999 |
_c10613 _d10613 |
||